|
|
|
|
| LEADER |
00000nam0a2200000 4500 |
| 001 |
319025 |
| 005 |
20240329140720.0 |
| 035 |
|
|
|a (RuTPU)RU\TPU\book\344530
|
| 090 |
|
|
|a 319025
|
| 100 |
|
|
|a 20160517d1919 km y0rusy50 ca
|
| 101 |
0 |
|
|a rus
|
| 102 |
|
|
|a RU
|
| 105 |
|
|
|a y z 000zy
|
| 181 |
|
0 |
|b e
|
| 182 |
|
0 |
|a n
|
| 183 |
|
0 |
|a nc
|2 RDAcarrier
|
| 200 |
1 |
|
|a Краткие таблицы для разбивки кривых на грунтовых и шоссейных дорогах
|f М.П.С. Управление речных и дорожных исследований и работ в Ленско-Байкальском районе
|
| 210 |
|
|
|a Иркутск
|c Типо-литография П. Макушина и В. Посохина
|d 1919
|
| 215 |
|
|
|a 86 с.
|c табл.
|
| 283 |
|
|
|a volume
|
| 300 |
|
|
|a Текст в русской дореформенной орфографии
|
| 606 |
1 |
|
|a Автомобильные дороги
|x Кривые
|x Разбивка
|2 stltpush
|3 (RuTPU)RU\TPU\subj\1209
|9 29994
|
| 610 |
1 |
|
|a таблицы
|
| 610 |
1 |
|
|a вычисления
|
| 610 |
1 |
|
|a грунтовые дороги
|
| 610 |
1 |
|
|a шоссейные дороги
|
| 610 |
1 |
|
|a земляные работы
|
| 675 |
|
|
|a 625.72
|v 4
|
| 712 |
0 |
2 |
|a Управление речных и дорожных исследований и работ в Ленско-Байкальском районе
|3 (RuTPU)RU\TPU\col\27616
|
| 801 |
|
1 |
|a RU
|b 63413507
|c 20160517
|
| 801 |
|
2 |
|a RU
|b 63413507
|c 20201019
|g RCR
|
| 942 |
|
|
|c BK
|